Le front des pauvres /

Sábháilte in:
Sonraí bibleagrafaíochta
Príomhchruthaitheoir: Ledit, Joseph (autor)
Rannpháirtithe: Martin, Albert (prefacio) (prefacio)
Formáid: LEABHAR
Teanga:Fraincis
Foilsithe / Cruthaithe: Montreal, Canadá : Fides, 1954, c1954
Clibeanna: Cuir clib leis
Níl clibeanna ann, Bí ar an gcéad duine le clib a chur leis an taifead seo!

MARC

LEADER 00000nam^a2200000^a^4500
001 000569686
005 20250521000000.0
009 20260310132213.293
037 |a Acervo Xavier Clavigero 
041 |a FRA 
091 |a FPA. 02635 
100 |a Ledit, Joseph  |e (autor) 
245 1 3 |a Le front des pauvres / 
264 4 |a Montreal, Canadá :  |b Fides,  |c 1954, c1954 
300 |a 291 p. 
336 |a texto  |b txt  |2 rdacontenido 
337 |a sin mediación  |b n  |2 rdamedio 
338 |a volumen  |b nc  |2 rdasoporte 
649 |a XX 
700 |a Martin, Albert  |e (prefacio) 
910 |a Fondo José Ignacio Palencia Gómez S.J. 
920 |a Impresos - Libros 
930 |a Fondos Especiales 
905 |a 137 
901 |a 0500340122  |b IT2  |c ESL  |i D  |u 20250521 
902 |a https://opac.biblio.iteso.mx/vufind/Record/000569686